000 00616nam a2200241Ia 4500
003 OSt
005 20221006144648.0
006 a|||||r|||| 00| 0
007 ta
008 221006b |||||||| |||| 00| 0 eng d
020 _c2.25
024 _a12,303
037 _cTextual
040 _aEASL
_cEASL
_beng
041 _2eng
_aeng
082 _aV41.N3, G9
100 _aSTRONG Anna Louise
245 0 _aChina fights for freedom
260 _aBuckingham
_bLindsay Drummond
_c1939
300 _a122p.
_ccm.
942 _hV41.N3, G9
_cTEXL
_2CC
999 _c1080389
_d1080389